000 01292nam0a22002651 4500
001 rc\173984
005 20260406120817.0
035 _a(NLR Aleph) 005435623
090 _a4702989
_c4702989
100 _a20030307d1996 |||y0rusy50 ca
101 0 _arus
102 _aRU
105 _aa |||||||||
200 1 _aОЦЕНКА, прогноз и повышение производственной и экологической безопасности на горнодобывающих предприятиях и территориях Донского края
_eМатериалы XXXXIV юбил. конф., 25-26 апр. 1995 г.
_f[Отв. ред. акад. МАНЭБ А.В. Фролов]
210 _aНовочеркасск
_cНГТУ
_d1996
215 _a92 с.
_cил.
_d20
300 _aВ надзаг.: Гос. ком. РФ по высш. образованию, Новочеркас. гос. техн. ун-т, дон. центр МАНЭБ
320 _aБиблиогр. в конце докл.
702 1 _aФролов
_bА.В.
_4340
712 0 2 _aНовочеркасский технический университет
_3RU\NLR\AUTH\8813277
_9299570
801 0 _aRU
_bNLR
_gpsbo
801 1 _aRU
_bELAR
_2rusmarc
852 _aNLR
_j96-4/11010
942 _cBOOK
980 _aNB